书目信息 |
| 题名: |
外国哲学
|
|
| 作者: | ;《外国哲学》编委会 编 | |
| 分册: | 第十辑 | |
| 出版信息: | 北京 商务印书馆 1989 |
|
| 页数: | 445页 | |
| 开本: | 20cm | |
| 丛书名: | ||
| 单 册: | ||
| 中图分类: | B1 | |
| 科图分类: | ||
| 主题词: | 哲学--世界 | |
| 电子资源: | ||
| ISBN: | 7-100-00082-3 | |
| 000 | 00622nam0 2200217 45 | |
| 001 | 0187001337 | |
| 005 | 20050523161433.2 | |
| 010 | @a7-100-00082-3@dCNY5.05 | |
| 100 | @a19900808d1989 emky0chiy0121 ea | |
| 101 | 0 | @achi |
| 102 | @aCN@b110000 | |
| 105 | @ay z 000yy | |
| 200 | 10 | @a外国哲学@Awai guo zhe xue@h第十辑@f《外国哲学》编委会编@F《Wai Guo ZheXue》Bian Wei Hui Bian |
| 210 | @a北京@c商务印书馆@d1989 | |
| 215 | @a445页@d20cm | |
| 606 | @a哲学@x世界 | |
| 690 | @aB1@v3 | |
| 711 | 02 | @a《外国哲学》编委会@4编 |
| 801 | 0 | @aCN@b深圳图书馆@c20040508 |
| 801 | 2 | @aCN@bNLC@c20040508 |
| 905 | @dB1@e2:10@f1@b220357 | |
| 外国哲学.第十辑/《外国哲学》编委会编.-北京:商务印书馆,1989 |
| 445页;20cm |
| ISBN 7-100-00082-3:CNY5.05 |
| ● |
| 相关链接 |
|
|
|
|
正题名:外国哲学
索取号:B1/2:10
 
预约/预借
| 序号 | 登录号 | 条形码 | 馆藏地/架位号 | 状态 | 备注 |
| 1 | 0220356 | 001145549 | 密集书库/ [索取号:B1/2:10] | 在馆 | |
| 2 | 0220357 | 001124394 | 第一样本阅览室/ [索取号:B1/2:10] | 在馆 |